Pays avec le plus de journées de grève par an - Statistiques

Statistiques générales
  • Ce quiz a été pris 33 fois
  • Le résultat moyen est 4 sur 7
Statistiques - réponses
Hint Réponse % Correct
155 Espagne
87%
170 Canada
68%
150 Belgique
58%
180 Danemark
55%
130 Australie
52%
165 Finlande
42%
275 Islande
39%
Aucun quiz correspondant
Distribution des résultats
% des personnes avec chaque résultat
Percentile par nombre de réponses
Votre historique - résultats
Vous n’avez pas pris ce quiz